Statistiken für DKT – Das Kaufmännische Talent

Klicken Sie hier um das Quiz zu spielen!

Allgemein

  • Dieses Quiz wurde 17 mal gespielt
  • Das Durchschnittsergebnis liegt bei 10 aus 30

Antwortstatistiken

Straße% Korrekt
Donau-Dampf-Schifffahrt
Wien - {Budapest}
67%
WienKärntnerstraße
58%
WienMariahilferstraße
50%
GrazMurplatz
50%
Elektr. Bahn
Wien - {Innsbruck}
50%
SalzburgMirabellplatz
42%
GrazAnnenstraße
42%
Eisenbahn
Wien - {Graz}
42%
LinzLandstraße
42%
Fluglinie
Wien - {Venedig}
33%
LinzMuseumsstraße
33%
InnsbruckAndreas-Hofer-Straße
33%
WienKobenzlstraße
33%
KlagenfurtAlter Platz
33%
EisenstadtJos. Haydn-Gasse
33%
GrazJoaneumring
33%
InnsbruckBoznerplatz
25%
InnsbruckMaria-Theresien-Straße
25%
BregenzAmtsplatz
25%
LinzStifterstraße
25%
SalzburgWestbahnstraße
25%
Autobuslinie
{Glocknerstraße}
25%
EisenstadtSchloßgrund
25%
KlagenfurtBurggasse
17%
KlagenfurtVillacherstraße
17%
Elektr.
{Kraftzentrale}
17%
BregenzArlbergstraße
17%
BregenzRathausstraße
17%
SalzburgUniversitätsplatz
8%
Seilbahn
8%

Verteilung der Resultate

Perzentil nach korrekt beantworteten Fragen

Anzahl Personen mit jedem Resultat

Ihre Resultats-Entwicklung

Sie haben dieses Quiz noch nicht gespielt